| 000 | 00706nam a2200205Ia 4500 | ||
|---|---|---|---|
| 001 | b2198-22475 [970] | ||
| 003 | IT-MiCISF | ||
| 008 | 161014s9999||||xx |||||||||||||| ||und|| | ||
| 040 |
_aIT-MiCISF _cIT-MiCISF |
||
| 041 | _ait | ||
| 100 | _aNardin Giuseppe (a cura di) | ||
| 245 | 0 |
_aFamiglia e società _bSecondo i padri della chiesa |
|
| 250 | _a1a ed. | ||
| 260 |
_a Roma _bCittà Nuova _c1989 |
||
| 300 | _ap. 185 | ||
| 500 | _aRaccolta di testi dei Padri della Chiesa / famiglia, società, patristica, matrimonio-sacramento, spiritualità-familiare, ministero-coniugale, vedovanza, verginità, educazione, solidarietà / | ||
| 650 | _apastorale | ||
| 942 | _cBK | ||
| 957 | _71 | ||
| 999 |
_a22475 _bsi _g1 _c215299 _d215299 |
||